| 000 | 01617nam a2200337 c 4500 | ||
|---|---|---|---|
| 003 | BLK | ||
| 005 | 20190227143856.0 | ||
| 008 | 180412b bul|||||r ||||||| ||bul|| | ||
| 010 | _aKNG00010976000 | ||
| 020 |
_a954-8284-07-3 _bиздат.: Колор Принт |
||
| 040 | _aBLK | ||
| 041 |
_aBUL _cBUL |
||
| 080 |
_aПсихотерапия - Психодрама, лечение по системата на йогите, колективна психотерапия, терапевтично влияние на музиката, изкуство. Медитация - психотерапевтични аспекти. Самовнушение. Вж и 616.89 _b615.851 _x _z615.851 |
||
| 080 |
_aСемейна етика. Вж и 176 ; 343.3/.7 ; 347.6 ; 392 _b173 _x _z173 |
||
| 100 | 1 |
_aПесешкиан, Носрат _eпърви автор _9108673 |
|
| 139 |
_aПесешкиан, Носрат _bП 38 |
||
| 245 | 1 | 0 |
_aПозитивна фамилна терапия _bЛечебен метод на бъдещето _cНосрат Песешкиан. |
| 257 | _aIRN | ||
| 260 |
_аВарна _bКолор Принт _c1993 |
||
| 300 |
_a255 с. _bс табл. _c20 см |
||
| 380 | _a61 | ||
| 650 | 4 |
_aПсихотерапия _9168415 |
|
| 650 | 4 |
_aСемейство и брак - психология и психопатология _9254586 |
|
| 650 | 4 |
_aСемейни отношения - психология и психопатология _9254587 |
|
| 653 | _aтерапия | ||
| 852 | _aЦб 185184 | ||
| 856 | 4 |
_qpdf _u |
|
| 856 | 4 |
_qpdf _u |
|
| 942 |
_cKNG _n0 _01 |
||
| 944 |
_aCR _c15.01.2003 _kAB_DOS |
||
| 944 |
_aED _c15.01.2003 _k |
||
| 999 |
_c9553 _d9553 |
||